00442nam a2200169Ia 4500003000400000005001700004008004100021040000700062041000800069082002100077100003400098245004000132260003900172365001400211650003100225650001600256OSt20230519081747.0210423s1999 xx 000 0 und d cAL aeng a361.3 223bSHAE aSHAW (Ian);LISHMAN (Joyee),Ed aEvaluation and social work practice aNew DelhibSage Publicationsc1999 b1315cINR aSocial Problems & Services aSocial Work